Risk Management as a Tool Raising of Environmental Quality Process

Gespeichert in:
Bibliographische Detailangaben
1. Verfasser: Majerník, Milan, 1952-
Weitere Verfasser: Schwarczová, Heidy, Tarča, Alexander
Format: Buchkapitel
Sprache:Englisch
Schlagworte:
Tags: Tag hinzufügen
Keine Tags, Fügen Sie das erste Tag hinzu!

MARC

LEADER 00000naa a2200000 4500
001 0164344
005 20240502083403.9
041 0 |a eng 
044 |a RS 
245 1 0 |a Risk Management as a Tool Raising of Environmental Quality Process  |c Milan Majerník, Heidy Schwarczová, Alexander Tarča 
610 2 0 |a risk management 
610 2 0 |a prostredie životné 
610 2 0 |a kvalita 
610 2 0 |a systémy environmentálne manažérske 
100 1 |a Majerník, Milan, 1952- 
700 1 |a Schwarczová, Heidy 
700 1 |a Tarča, Alexander